[Event "Prva liga Centralne Srbije"]
[Site "Golubac"]
[Date "2008.09.21"]
[Round "3.1"]
[White "Petkov, Vladimir"]
[Black "Ilincic, Zlatko"]
[Result "0-1"]
[WhiteElo "2423"]
[BlackElo "2519"]
[PlyCount "68"]
[EventDate "2008.09.20"]

1. d4 Nf6 2. c4 e6 3. Nc3 Bb4 4. f3 c5 5. a3 Bxc3+ 6. bxc3 d5 7. cxd5 exd5 8.
e3 O-O 9. Bd3 b6 10. Ne2 Ba6 11. O-O cxd4 12. Bxa6 Nxa6 13. cxd4 Re8 14. Ra2
Qd7 15. g4 h6 16. Ng3 Nc7 17. Rg2 Nb5 18. h4 Nd6 19. a4 Rac8 20. Qd3 Qxa4 21.
g5 hxg5 22. hxg5 Nh7 23. g6 Ng5 24. Nf5 Nxf3+ 25. Rxf3 Rxc1+ 26. Kh2 Re6 27.
Nxd6 Qa1 28. gxf7+ Kf8 29. Kg3 Rh1 30. Qd2 Rxd6 31. Qb4 Rhh6 32. Rf5 a5 33. Qb5
Qe1+ 34. Kf4 Rde6 0-1

[Event "Prva liga Centralne Srbije"]
[Site "Golubac"]
[Date "2008.09.21"]
[Round "3.1"]
[White "Stojanovic, Dalibor"]
[Black "Manic, Jovica"]
[Result "1-0"]
[WhiteElo "2450"]
[BlackElo "2263"]
[PlyCount "83"]
[EventDate "2008.09.20"]

1. e4 e5 2. Bc4 Nf6 3. d3 Bc5 4. Nf3 d6 5. c3 Bb6 6. h3 Qe7 7. O-O Be6 8. Nbd2
Nbd7 9. Re1 Nf8 10. d4 Ng6 11. a4 c6 12. Qb3 Rb8 13. Bxe6 Qxe6 14. Qxe6+ fxe6
15. dxe5 dxe5 16. Nc4 Bc7 17. a5 h6 18. Be3 a6 19. Ba7 Ra8 20. Bb6 Bxb6 21.
axb6 Nd7 22. h4 Rf8 23. Ra5 Rd8 24. Nd6+ Ke7 25. Nxb7 Rb8 26. Nc5 Nxc5 27. Rxc5
Rxb6 28. b4 h5 29. Nxe5 Nxe5 30. Rxe5 Rb5 31. Rg5 Rxg5 32. hxg5 c5 33. Ra1 cxb4
34. cxb4 Rb8 35. Ra4 Rb6 36. g3 Kd6 37. f4 Kc6 38. Kf2 Kb5 39. Ra1 Kxb4 40.
Rb1+ Kc5 41. Rxb6 Kxb6 42. f5 1-0

[Event "Prva liga Centralne Srbije"]
[Site "Golubac"]
[Date "2008.09.21"]
[Round "3.1"]
[White "Nikolic, Boban"]
[Black "Milanovic, Danilo"]
[Result "0-1"]
[WhiteElo "2222"]
[BlackElo "2529"]
[PlyCount "56"]
[EventDate "2008.09.20"]

1. Nf3 Nf6 2. c4 c5 3. Nc3 d5 4. cxd5 Nxd5 5. g3 Nc6 6. Bg2 Nc7 7. O-O e5 8.
Ne1 Bg4 9. Bxc6+ bxc6 10. Qa4 Qd7 11. f4 exf4 12. Rxf4 Be6 13. Nf3 Bd6 14. Rh4
O-O 15. Ne4 Be7 16. Rh5 Bd5 17. Nc3 Bxf3 18. exf3 g6 19. Re5 Bf6 20. Re4 Bd4+
21. Kg2 f5 22. Qc4+ Nd5 23. Re2 Rae8 24. Rb1 Qf7 25. Kh1 g5 26. Rxe8 Rxe8 27.
Qf1 Qh5 28. d3 Re1 0-1

[Event "Prva liga Centralne Srbije"]
[Site "Golubac"]
[Date "2008.09.21"]
[Round "3.1"]
[White "Pap, Misa"]
[Black "Todorovic, Bojan"]
[Result "0-1"]
[WhiteElo "2495"]
[BlackElo "2277"]
[PlyCount "88"]
[EventDate "2008.09.20"]

1. e4 e5 2. Nf3 Nf6 3. Nxe5 d6 4. Nf3 Nxe4 5. Nc3 Nxc3 6. dxc3 Nc6 7. Bf4 Qf6
8. Qd2 Be7 9. O-O-O O-O 10. Kb1 Qf5 11. Nd4 Qa5 12. Bc4 Nxd4 13. Qxd4 Be6 14.
Bxe6 fxe6 15. Rhe1 Rae8 16. Bg3 Bf6 17. Qc4 b5 18. Qg4 e5 19. h4 Qa6 20. Qe4
Qb6 21. Qd5+ Kh8 22. Rd3 Rb8 23. Qe4 Qb7 24. Rd5 Qc8 25. Qd3 a6 26. Qe4 Qb7 27.
Red1 Qc8 28. f3 Qe8 29. Re1 Qh5 30. Rd3 Qf7 31. Bf2 Qd7 32. g4 g6 33. Bg3 Qe7
34. Rh1 Qf7 35. b3 Kg8 36. Bf2 Qd7 37. h5 g5 38. h6 c6 39. Bc5 Be7 40. Rh5 Rf4
41. Qe1 Qe6 42. Bxd6 Bxd6 43. Rxg5+ Kh8 44. Rg7 Rbf8 0-1

[Event "Prva liga Centralne Srbije"]
[Site "Golubac"]
[Date "2008.09.21"]
[Round "3.2"]
[White "Markovic, Zoran S"]
[Black "Dimitrov, Vladimir"]
[Result "1/2-1/2"]
[WhiteElo "2384"]
[BlackElo "2450"]
[PlyCount "70"]
[EventDate "2008.09.20"]

1. e4 c5 2. Nf3 e6 3. d4 cxd4 4. Nxd4 Nf6 5. Nc3 d6 6. f4 a6 7. Be2 Be7 8. O-O
O-O 9. Qe1 b5 10. Bf3 b4 11. e5 dxe5 12. Bxa8 exd4 13. Ne4 Nd5 14. Ng5 a5 15.
Qg3 Na6 16. Rd1 Nac7 17. Bc6 Qd6 18. Bxd5 Qxd5 19. c3 f6 20. Nf3 d3 21. cxb4
axb4 22. Ne1 Ba6 23. f5 Qxf5 24. Nxd3 e5 25. Bh6 Ne6 26. Nf2 Bc5 27. Be3 Nf4
28. Bxf4 Qxf4 29. Rac1 Qxg3 30. hxg3 Be3 31. Rc2 Ra8 32. Kh2 h5 33. Nd3 Bxd3
34. Rxd3 Bd4 35. Rb3 Rxa2 1/2-1/2

[Event "Prva liga Centralne Srbije"]
[Site "Golubac"]
[Date "2008.09.21"]
[Round "3.2"]
[White "Mitrovic, Petar"]
[Black "Brankovic, Dejan"]
[Result "1-0"]
[WhiteElo "2366"]
[BlackElo "2398"]
[PlyCount "143"]
[EventDate "2008.09.20"]

1. e4 c5 2. Nf3 d6 3. d4 cxd4 4. Nxd4 Nf6 5. Nc3 g6 6. g3 Nc6 7. Bg2 Nxd4 8.
Qxd4 Bg7 9. O-O O-O 10. a4 Ng4 11. Qb4 Ne5 12. Be3 Bd7 13. Qxb7 Rb8 14. Qxa7
Rxb2 15. Nd5 e6 16. Nb6 Be8 17. a5 Bb5 18. c4 Nxc4 19. Nxc4 Bxc4 20. Rfc1 Rb8
21. Rab1 Rc8 22. Bb6 Qe8 23. Bd4 e5 24. Be3 Qa4 25. Qb6 Bd3 26. Ra1 Rxc1+ 27.
Rxc1 Ra8 28. Qxd6 Bxe4 29. Bxe4 Qxe4 30. Qc6 Qxc6 31. Rxc6 f5 32. a6 f4 33.
gxf4 exf4 34. Bxf4 Bd4 35. Be3 Bxe3 36. fxe3 Ra7 37. Kf2 Kf8 38. Ke2 Ke8 39.
Kd3 Kd7 40. Rb6 Ra8 41. Kc4 Re8 42. Rb7+ Kc6 43. Rxh7 Rxe3 44. Rg7 Re4+ 45. Kd3
Rh4 46. Rxg6+ Kc7 47. Rg7+ Kb8 48. Rg2 Ka7 49. Ra2 Rh8 50. Ke4 Re8+ 51. Kf5
Rf8+ 52. Kg6 Rh8 53. Kf5 Rf8+ 54. Kg4 Rg8+ 55. Kf3 Rf8+ 56. Kg2 Rg8+ 57. Kh1
Rh8 58. Ra3 Rh7 59. h3 Rh8 60. Kh2 Rh7 61. Ra4 Rh6 62. h4 Rh8 63. Kg3 Rh7 64.
Kg4 Rg7+ 65. Kf5 Rf7+ 66. Kg6 Rf1 67. h5 Rg1+ 68. Kf5 Rf1+ 69. Kg5 Rf8 70. h6
Rg8+ 71. Kf6 Rg1 72. Rh4 1-0

[Event "Prva liga Centralne Srbije"]
[Site "Golubac"]
[Date "2008.09.21"]
[Round "3.2"]
[White "Panic, Nenad"]
[Black "Nikolic, Stanimir"]
[Result "1-0"]
[WhiteElo "2360"]
[BlackElo "2291"]
[PlyCount "47"]
[EventDate "2008.09.20"]

1. d4 d5 2. Nf3 a6 3. Bf4 Nf6 4. e3 e6 5. Nbd2 Bd6 6. Ne5 O-O 7. Bd3 b6 8. Qf3
Nfd7 9. Qh3 f5 10. Ndf3 Nf6 11. g4 Ne4 12. Rg1 c5 13. gxf5 exf5 14. c4 Ra7 15.
cxd5 cxd4 16. Nxd4 Bxe5 17. Bxe5 Qxd5 18. Bxb8 Re7 19. Qh4 Rff7 20. Ke2 Bb7 21.
Rgc1 b5 22. a4 Nc5 23. Ra3 f4 24. Qxh7+ 1-0

[Event "Prva liga Centralne Srbije"]
[Site "Golubac"]
[Date "2008.09.21"]
[Round "3.2"]
[White "Stojanovic, Andjelija"]
[Black "Tosic, Nebojsa"]
[Result "1-0"]
[WhiteElo "2359"]
[BlackElo "2210"]
[PlyCount "83"]
[EventDate "2008.09.20"]

1. Nf3 Nf6 2. c4 c5 3. g3 b6 4. Bg2 Bb7 5. O-O e6 6. Nc3 d6 7. d4 cxd4 8. Qxd4
Nbd7 9. Nb5 Nc5 10. Rd1 Nce4 11. Bf4 Be7 12. Nxd6+ Nxd6 13. Bxd6 O-O 14. Ne5
Bxg2 15. Kxg2 Rc8 16. b3 Qe8 17. Bxe7 Qxe7 18. f3 h6 19. Qd6 Qb7 20. Nd7 Nxd7
21. Qxd7 Qa6 22. a4 Qa5 23. Rac1 Qe5 24. Rc2 a6 25. Qd4 Qf5 26. e4 Qg6 27. Qxb6
Rb8 28. Qe3 f5 29. exf5 exf5 30. Rd7 h5 31. Re2 Kh8 32. Qc3 h4 33. Ree7 Rg8 34.
c5 a5 35. c6 Rb6 36. c7 Rc6 37. Qd3 h3+ 38. Kxh3 Qh6+ 39. Kg2 Qc1 40. Re2 Rxc7
41. Rxc7 Qxc7 42. Qxf5 1-0

[Event "Prva liga Centralne Srbije"]
[Site "Golubac"]
[Date "2008.09.21"]
[Round "3.2"]
[White "Rajkovic, Aleksandar"]
[Black "Zivkovic, Momcilo"]
[Result "1-0"]
[WhiteElo "2139"]
[BlackElo "2147"]
[PlyCount "133"]
[EventDate "2008.09.20"]

1. e4 e6 2. d4 d5 3. Nc3 dxe4 4. Nxe4 Bd7 5. Bd3 Bc6 6. Nf3 Nd7 7. Qe2 Be7 8.
Bd2 Ngf6 9. O-O-O Bxe4 10. Bxe4 Nxe4 11. Qxe4 c6 12. Kb1 h6 13. c4 a5 14. h4 a4
15. Bc3 Nf6 16. Qe2 Qc7 17. g4 Qf4 18. d5 Qe4+ 19. Qxe4 Nxe4 20. Rhf1 Nxc3+ 21.
bxc3 cxd5 22. cxd5 exd5 23. Rxd5 O-O 24. Kc2 Rfc8 25. Kd3 Rd8 26. Ke4 Rac8 27.
Rxd8+ Bxd8 28. Kd3 b5 29. Rb1 Bf6 30. Nd4 Bxh4 31. f3 Be7 32. Rxb5 a3 33. Rb7
Bf8 34. Rb3 g6 35. Nb5 Rb8 36. c4 h5 37. gxh5 gxh5 38. Ke4 h4 39. f4 Kg7 40.
Kf5 Re8 41. Nxa3 Ra8 42. Nb5 Rxa2 43. Kg5 Rc2 44. Rc3 Rb2 45. Kxh4 Bb4 46. Rc1
Kf6 47. Kg4 Bc5 48. Nc3 Bd4 49. Ne4+ Ke6 50. Ng5+ Ke7 51. c5 Rb5 52. c6 Rc5 53.
Rxc5 Bxc5 54. Nxf7 Bb6 55. Ne5 Ke6 56. Nc4 Bd8 57. Kf3 Kd5 58. Ne5 Bc7 59. Kg4
Ke6 60. Kg5 Bd8+ 61. Kg6 Kd5 62. Kf7 Kd6 63. Kf8 Bh4 64. Ke8 Kc7 65. Ng6 Bg3
66. f5 Kxc6 67. f6 1-0

[Event "Prva liga Centralne Srbije"]
[Site "Golubac"]
[Date "2008.09.21"]
[Round "3.3"]
[White "Savicevic, Vlatko"]
[Black "Kojovic, Dragan"]
[Result "0-1"]
[WhiteElo "2334"]
[BlackElo "2414"]
[PlyCount "36"]
[EventDate "2008.09.20"]

1. e4 c5 2. Nf3 Nc6 3. d4 cxd4 4. Nxd4 Qc7 5. Nc3 e6 6. g3 a6 7. Bg2 Nf6 8. O-O
Bc5 9. Bf4 Ne5 10. Na4 Ba7 11. c4 d6 12. Rc1 Bd7 13. b4 Bxd4 14. Qxd4 Bxa4 15.
c5 Nc6 16. Qd2 e5 17. cxd6 Qd8 18. Be3 O-O 0-1

[Event "Prva liga Centralne Srbije"]
[Site "Golubac"]
[Date "2008.09.21"]
[Round "3.3"]
[White "Rabrenovic, Vladan"]
[Black "Rajevic, Gavrilo"]
[Result "1-0"]
[WhiteElo "2357"]
[BlackElo "2282"]
[PlyCount "61"]
[EventDate "2008.09.20"]

1. d4 Nf6 2. c4 g6 3. Nc3 Bg7 4. e4 d6 5. Bd3 O-O 6. Nge2 Nc6 7. h3 e5 8. d5
Nd4 9. Nxd4 exd4 10. Ne2 Re8 11. f3 c5 12. O-O Nd7 13. f4 b5 14. b3 bxc4 15.
bxc4 Nf6 16. Ng3 h5 17. e5 dxe5 18. fxe5 Rxe5 19. Bf4 Re3 20. Bxe3 dxe3 21. Qf3
Qd7 22. Rae1 Ne8 23. Kh1 Nd6 24. Rxe3 Ba6 25. Rfe1 Bf8 26. Ne4 Nxe4 27. Rxe4
Rb8 28. Qf6 Rb6 29. Qg5 Rb8 30. Rf4 Re8 31. Ref1 1-0

[Event "Prva liga Centralne Srbije"]
[Site "Golubac"]
[Date "2008.09.21"]
[Round "3.4"]
[White "Pavlovic, Dejan S"]
[Black "Georgiev, Krum"]
[Result "1-0"]
[WhiteElo "2385"]
[BlackElo "2446"]
[PlyCount "87"]
[EventDate "2008.09.20"]

1. e4 c5 2. Nf3 d6 3. d4 cxd4 4. Nxd4 Nf6 5. Nc3 Bd7 6. Bg5 e6 7. Ndb5 Bxb5 8.
Bxb5+ Nc6 9. Qd2 Be7 10. O-O O-O 11. Rad1 Qb6 12. Qe3 Qxe3 13. Bxe3 Rfc8 14.
Bf4 a6 15. Be2 Ne5 16. f3 b5 17. Rd2 h6 18. h3 Rc6 19. a3 Rac8 20. Rfd1 Nfd7
21. a4 b4 22. Na2 Rb8 23. c3 bxc3 24. Nxc3 Nc5 25. Rb1 Rb4 26. Be3 Nb3 27. Rdd1
Bf6 28. Kf1 Kf8 29. Bf2 g5 30. Bg3 Ke7 31. f4 Ng6 32. e5 dxe5 33. Bf3 Rcc4 34.
fxg5 hxg5 35. Ke1 Nf4 36. Kf2 e4 37. Be2 Rc6 38. Bf1 Bd4+ 39. Ke1 f5 40. Bh2
Ng6 41. g4 Nh4 42. Ke2 Kf6 43. gxf5 exf5 44. Nd5+ 1-0

[Event "Prva liga Centralne Srbije"]
[Site "Golubac"]
[Date "2008.09.21"]
[Round "3.4"]
[White "Misailovic, Nebojsa"]
[Black "Radovanovic, Dusan"]
[Result "1-0"]
[WhiteElo "2297"]
[BlackElo "2350"]
[PlyCount "101"]
[EventDate "2008.09.20"]

1. e4 c5 2. Nc3 Nc6 3. g3 g6 4. Bg2 Bg7 5. d3 d6 6. Be3 Qa5 7. Nge2 e5 8. O-O
Nge7 9. Qd2 Nd4 10. Rae1 Be6 11. f4 O-O-O 12. f5 gxf5 13. Nxd4 cxd4 14. Nd5
Qxd2 15. Nxe7+ Kd7 16. Bxd2 Kxe7 17. exf5 Bc8 18. c3 dxc3 19. Bxc3 f6 20. d4 h5
21. Bd5 Rdf8 22. Bb4 Bd7 23. Rc1 Rc8 24. Bxb7 Rxc1 25. Rxc1 Bh6 26. Rc7 Be3+
27. Kf1 Bxd4 28. Bc6 Rd8 29. b3 Ke8 30. Rxd7 Rxd7 31. Bxd6 Kd8 32. Bxd7 Kxd7
33. Bf8 Kc6 34. Bg7 e4 35. h3 Kd5 36. g4 hxg4 37. hxg4 Ke5 38. Bh6 e3 39. Ke2
Ke4 40. b4 a6 41. a4 Bc3 42. Bxe3 Bxb4 43. Kf2 Bd6 44. Bh6 Bf4 45. Bf8 Be5 46.
Bh6 Bf4 47. Bg7 Be5 48. Bh6 Bf4 49. Bg7 Be5 50. Kg2 Kf4 51. Kh3 {necitko} 1-0

[Event "Prva liga Centralne Srbije"]
[Site "Golubac"]
[Date "2008.09.21"]
[Round "3.4"]
[White "Radivojevic, Ivan"]
[Black "Milenkovic, Mladen"]
[Result "0-1"]
[WhiteElo "2366"]
[BlackElo "2343"]
[PlyCount "120"]
[EventDate "2008.09.20"]

1. e4 c5 2. Nc3 Nc6 3. g3 g6 4. Bg2 Bg7 5. d3 e6 6. Be3 d6 7. f4 Nge7 8. Nf3
Nd4 9. O-O O-O 10. Bf2 Nec6 11. Nxd4 cxd4 12. Ne2 f5 13. c3 dxc3 14. bxc3 Bd7
15. Rb1 b6 16. d4 fxe4 17. d5 Ne7 18. Bxe4 Rc8 19. dxe6 Bxe6 20. Bd4 Qc7 21.
Bxg7 Kxg7 22. Qd2 Bg4 23. Bf3 Bxf3 24. Rxf3 Qc5+ 25. Nd4 Nf5 26. Rd1 Rfe8 27.
Rf2 Ne3 28. Re1 Ng4 29. Rf3 Kg8 30. h3 Nf6 31. f5 Rxe1+ 32. Qxe1 Re8 33. Re3
Re5 34. fxg6 hxg6 35. Kh2 Qd5 36. Re2 Rxe2+ 37. Qxe2 Ne4 38. h4 Kg7 39. a4 Qe5
40. Qg4 Nf6 41. Qf3 Qe4 42. Kg2 d5 43. Nb5 Qxa4 44. Nd6 Qd7 45. Qf4 Qe7 46. g4
Ne4 47. Nc8 Qxh4 48. Nxa7 Qe1 49. Qc7+ Kf6 50. Qd8+ Ke5 51. Qc7+ Kf6 52. Qd8+
Kg7 53. Qc7+ Kh6 54. Qf4+ Ng5 55. Qh2+ Kg7 56. Qc7+ Nf7 57. Nc8 Qe4+ 58. Kg3 b5
59. Qd7 Qd3+ 60. Kf2 Qxc3 0-1

[Event "Prva liga Centralne Srbije"]
[Site "Golubac"]
[Date "2008.09.21"]
[Round "3.4"]
[White "Marinkovic, Zoran"]
[Black "Zivkovic, Ivan B"]
[Result "1-0"]
[WhiteElo "2269"]
[BlackElo "2308"]
[PlyCount "79"]
[EventDate "2008.09.20"]

1. e4 c5 2. Nf3 d6 3. Bb5+ Bd7 4. Bxd7+ Qxd7 5. O-O Nf6 6. e5 dxe5 7. Nxe5 Qc7
8. d4 cxd4 9. Bf4 Qb6 10. Nd2 Nc6 11. Re1 e6 12. Qf3 Be7 13. Ne4 Qa6 14. Nxc6
Qxc6 15. Qb3 b5 16. Nd2 Bc5 17. Be5 Nd7 18. Nf3 Nxe5 19. Nxe5 Qb7 20. Nxf7 Qxf7
21. Qxb5+ Qd7 22. Qxc5 Rc8 23. Qf5 Rc6 24. Re2 g6 25. Qe5 O-O 26. Rd1 Rf5 27.
Qe4 Rd5 28. Red2 Rcd6 29. Rd3 a5 30. h4 a4 31. Rg3 Qb5 32. b3 a3 33. Rdd3 Kg7
34. h5 Rxh5 35. Rxd4 Re5 36. Qh4 Re1+ 37. Kh2 Qd7 38. Rf3 h6 39. Qf6+ Kh7 40.
Qf8 1-0

[Event "Prva liga Centralne Srbije"]
[Site "Golubac"]
[Date "2008.09.21"]
[Round "3.4"]
[White "Dudukovic, Nikola"]
[Black "Stankovic, Milos"]
[Result "1/2-1/2"]
[WhiteElo "2180"]
[BlackElo "2155"]
[PlyCount "38"]
[EventDate "2008.09.20"]

1. e4 c5 2. Nf3 d6 3. d4 cxd4 4. Nxd4 Nf6 5. Nc3 a6 6. f3 e5 7. Nb3 Be6 8. Be3
Be7 9. Qd2 O-O 10. O-O-O Nbd7 11. g4 b5 12. g5 b4 13. Ne2 Ne8 14. f4 a5 15. f5
a4 16. fxe6 axb3 17. exf7+ Rxf7 18. Kb1 bxc2+ 19. Kxc2 Nb6 1/2-1/2

[Event "Prva liga Centralne Srbije"]
[Site "Golubac"]
[Date "2008.09.21"]
[Round "3.4"]
[White "Civric, Zdravko"]
[Black "Kolarevic, Darko"]
[Result "0-1"]
[WhiteElo "2207"]
[BlackElo "2171"]
[PlyCount "50"]
[EventDate "2008.09.20"]

1. e4 c6 2. d4 d5 3. e5 Bf5 4. Nc3 Qb6 5. Be2 e6 6. Nf3 Bg4 7. O-O Ne7 8. Nh4
Bxe2 9. Nxe2 Ng6 10. Nf3 Be7 11. Ng3 O-O 12. Nh5 c5 13. c3 cxd4 14. cxd4 Nc6
15. Be3 Qxb2 16. Rb1 Qxa2 17. Rxb7 Rab8 18. Rxe7 Ncxe7 19. Nf6+ gxf6 20. exf6
Nf5 21. Ng5 h6 22. Qh5 hxg5 23. g4 Rb4 24. Bc1 Qe2 25. Qxg5 Nfh4 0-1

[Event "Prva liga Centralne Srbije"]
[Site "Golubac"]
[Date "2008.09.21"]
[Round "3.5"]
[White "Petrov, Marijan"]
[Black "Jesic, Dusan"]
[Result "1/2-1/2"]
[WhiteElo "2490"]
[BlackElo "2378"]
[PlyCount "64"]
[EventDate "2008.09.20"]

1. e4 c5 2. Nc3 Nc6 3. Nf3 e5 4. Bc4 g6 5. d3 h6 6. Nd2 Bg7 7. Nf1 Nge7 8. h4
h5 9. Ne3 d6 10. Ned5 Nxd5 11. Nxd5 Bg4 12. f3 Be6 13. c3 Kf8 14. g3 Ne7 15.
Bg5 Bxd5 16. exd5 f6 17. Be3 Bh6 18. Bf2 Kg7 19. Kf1 f5 20. Qe2 Ng8 21. d4 cxd4
22. cxd4 e4 23. fxe4 fxe4 24. Kg2 Nf6 25. Rhd1 Rc8 26. Bb3 Ng4 27. Qxe4 Re8 28.
Qd3 Be3 29. Be1 Bc1 30. Bf2 Be3 31. Be1 Bc1 32. Bf2 Be3 1/2-1/2

[Event "Prva liga Centralne Srbije"]
[Site "Golubac"]
[Date "2008.09.21"]
[Round "3.5"]
[White "Misojcic, Miroslav"]
[Black "Trifunovic, Miroljub"]
[Result "1/2-1/2"]
[WhiteElo "2221"]
[BlackElo "2295"]
[PlyCount "26"]
[EventDate "2008.09.20"]

1. d4 d5 2. c4 e6 3. Nf3 Nf6 4. Nc3 Be7 5. cxd5 exd5 6. Qc2 O-O 7. Bf4 c6 8. e3
b6 9. Be2 Bb7 10. h3 c5 11. O-O Nbd7 12. dxc5 bxc5 13. Rfd1 h6 1/2-1/2

[Event "Prva liga Centralne Srbije"]
[Site "Golubac"]
[Date "2008.09.21"]
[Round "3.5"]
[White "Ljubisavljevic, Zivojin Z"]
[Black "Pantelic, Sasa"]
[Result "0-1"]
[WhiteElo "2261"]
[BlackElo "2267"]
[PlyCount "67"]
[EventDate "2008.09.20"]

1. e4 c5 2. f4 d5 3. e5 Nc6 4. Nf3 Bg4 5. Bb5 e6 6. h3 Bxf3 7. Bxc6+ bxc6 8.
Qxf3 Ne7 9. O-O Nf5 10. d3 h5 11. Be3 Be7 12. Bf2 Rh6 13. Nc3 Kf8 14. Na4 Qa5
15. b3 Kg8 16. Qe2 Qb4 17. c4 d4 18. Qe1 a5 19. Qxb4 cxb4 20. c5 Rb8 21. Rfe1
g5 22. fxg5 Bxg5 23. Re4 Be3 24. Bxe3 Nxe3 25. Kh2 Rg6 26. Rg1 Kh7 27. Rf4 Kg7
28. Nb6 Rg5 29. Re4 Rf5 30. Nc4 Nxc4 31. dxc4 Rf2 32. Rd1 d3 33. Re3 Rxa2 34.
Rexd3 0-1

[Event "Prva liga Centralne Srbije"]
[Site "Golubac"]
[Date "2008.09.21"]
[Round "3.5"]
[White "Urosevic, Zoran"]
[Black "Rajkovic, Ljubisa"]
[Result "1-0"]
[WhiteElo "2294"]
[BlackElo "2194"]
[PlyCount "135"]
[EventDate "2008.09.20"]

1. e4 c5 2. Nf3 d6 3. c3 e6 4. d4 Nd7 5. Bd3 a6 6. O-O Qc7 7. a4 Ngf6 8. Re1
Be7 9. Bg5 h6 10. Bh4 g5 11. Bg3 Nh5 12. d5 Nxg3 13. dxe6 fxe6 14. e5 d5 15.
Bg6+ Kd8 16. hxg3 Nf8 17. Bh5 Bd7 18. Nbd2 Kc8 19. Rc1 Kb8 20. c4 Qb6 21. b3
Ka7 22. Nh2 Qd8 23. Ng4 Be8 24. Ne3 d4 25. Nc2 Bxh5 26. Qxh5 Qe8 27. Qf3 a5 28.
Na3 Rd8 29. Nb5+ Kb8 30. Ne4 Qc6 31. Qf7 Rh7 32. Qg8 Qe8 33. Nbd6 Qg6 34. Qxg6
Nxg6 35. Nxc5 Bxd6 36. exd6 Rxd6 37. Rxe6 Rxe6 38. Nxe6 d3 39. Rd1 Re7 40. Nc5
d2 41. Kf1 Re1+ 42. Rxe1 dxe1=Q+ 43. Kxe1 Kc7 44. Nd3 Kd6 45. Ke2 b6 46. g4 Ne7
47. Ke3 Ke6 48. Ke4 Kd6 49. f3 Ng6 50. g3 Ne7 51. f4 gxf4 52. gxf4 Ke6 53. c5
bxc5 54. Nxc5+ Kf6 55. Nd7+ Ke6 56. Ne5 Kf6 57. Nc4 Nc6 58. g5+ hxg5 59. fxg5+
Kxg5 60. Kd5 Nb4+ 61. Kc5 Nd3+ 62. Kb5 Ne1 63. Nxa5 Kf5 64. b4 Ke6 65. Nc6 Kd7
66. Kb6 Kc8 67. a5 Nc2 68. b5 1-0

[Event "Prva liga Centralne Srbije"]
[Site "Golubac"]
[Date "2008.09.21"]
[Round "3.5"]
[White "Jakovljevic, Zivota"]
[Black "Misic, Dragan"]
[Result "0-1"]
[WhiteElo "2124"]
[BlackElo "2204"]
[PlyCount "101"]
[EventDate "2008.09.20"]

1. d4 d5 2. c4 c6 3. Nc3 Nf6 4. Nf3 e6 5. Bg5 Nbd7 6. e3 Qa5 7. Bxf6 Nxf6 8.
Bd3 Bb4 9. Qc2 dxc4 10. Bxc4 Ne4 11. Rc1 Nxc3 12. bxc3 Bd6 13. Bd3 h6 14. O-O
O-O 15. c4 Bd7 16. e4 b6 17. e5 Be7 18. Nd2 f5 19. f4 Be8 20. Be2 Rd8 21. Nb3
Qa4 22. Bf3 g5 23. g3 Bf7 24. Rcd1 gxf4 25. gxf4 Kh8 26. Kh1 Rc8 27. Na1 Qa6
28. a4 Rfd8 29. Qb3 Qa5 30. Nc2 c5 31. d5 exd5 32. Bxd5 Bh5 33. Rc1 Rxd5 34.
cxd5 c4 35. Qh3 Qxd5+ 36. Qg2 Qd3 37. Ne1 Qd8 38. Nf3 Qf8 39. h3 Qf7 40. Qe2
Qd5 41. Kh2 c3 42. Rcd1 Qc6 43. Qe3 Qxa4 44. Ra1 Qc4 45. Qc1 Qe2+ 46. Kh1 Bxf3+
47. Rxf3 Qxf3+ 48. Kh2 Qf2+ 49. Kh1 Rg8 50. Qf1 Qxf1+ 51. Rxf1 0-1

[Event "Prva liga Centralne Srbije"]
[Site "Golubac"]
[Date "2008.09.21"]
[Round "3.5"]
[White "Lazic, Zeljko"]
[Black "Klcesko, Nebojsa"]
[Result "1-0"]
[WhiteElo "2207"]
[BlackElo "1949"]
[PlyCount "37"]
[EventDate "2008.09.20"]

1. e4 c6 2. d4 d5 3. f3 dxe4 4. fxe4 e5 5. Nf3 exd4 6. Bc4 Be7 7. O-O Be6 8.
Bxe6 fxe6 9. Nxd4 Bf6 10. e5 Be7 11. Qg4 Bc5 12. Qxg7 Qxd4+ 13. Kh1 Ne7 14.
Qxh8+ Kd7 15. Nc3 Qh4 16. Bf4 Ng6 17. Rad1+ Kc7 18. Bg3 Qe7 19. Qg8 1-0

[Event "Prva liga Centralne Srbije"]
[Site "Golubac"]
[Date "2008.09.21"]
[Round "3.6"]
[White "Spasov, Vasil"]
[Black "Bojkov, Dejan"]
[Result "1/2-1/2"]
[WhiteElo "2589"]
[BlackElo "2498"]
[PlyCount "72"]
[EventDate "2008.09.20"]

1. e4 e5 2. Nf3 Nc6 3. Bc4 Nf6 4. d3 Be7 5. O-O O-O 6. Re1 d6 7. a4 Na5 8. Ba2
c5 9. Nbd2 Nc6 10. Nf1 Be6 11. Ng3 h6 12. c3 Bxa2 13. Rxa2 Re8 14. c4 Nh7 15.
Bd2 Ng5 16. Nf5 Nxf3+ 17. Qxf3 Bg5 18. Bc3 Nd4 19. Bxd4 cxd4 20. b4 g6 21. Ng3
Rf8 22. Nf1 Qd7 23. Qd1 Kg7 24. a5 h5 25. Qa4 Qe7 26. Qb5 Rac8 27. Nd2 Rc7 28.
Nf3 Bh6 29. Qd5 Rfc8 30. Rb2 Qd7 31. h4 Qc6 32. Qxc6 Rxc6 33. g3 f5 34. c5 f4
35. cxd6 fxg3 36. d7 Rd8 1/2-1/2

[Event "Prva liga Centralne Srbije"]
[Site "Golubac"]
[Date "2008.09.21"]
[Round "3.6"]
[White "Ristic, Nenad"]
[Black "Vojinovic, Goran"]
[Result "1/2-1/2"]
[WhiteElo "2421"]
[BlackElo "2468"]
[PlyCount "28"]
[EventDate "2008.09.20"]

1. e4 e6 2. d4 d5 3. Nd2 dxe4 4. Nxe4 Nd7 5. Nf3 Ngf6 6. Nxf6+ Nxf6 7. Bg5 Be7
8. Bd3 O-O 9. O-O b6 10. Qe2 Bb7 11. Rad1 h6 12. Bc1 Qd5 13. a3 Qh5 14. Ne5
Qxe2 1/2-1/2

[Event "Prva liga Centralne Srbije"]
[Site "Golubac"]
[Date "2008.09.21"]
[Round "3.6"]
[White "Raicevic, Vladimir"]
[Black "Ristic, Nebojsa M"]
[Result "1-0"]
[WhiteElo "2418"]
[BlackElo "2366"]
[PlyCount "67"]
[EventDate "2008.09.20"]

1. d4 Nf6 2. c4 c5 3. Nf3 g6 4. Nc3 Bg7 5. d5 d6 6. h3 O-O 7. e4 b5 8. cxb5 a6
9. a4 Bb7 10. Be3 axb5 11. axb5 Nbd7 12. Be2 Nb6 13. Rxa8 Qxa8 14. O-O Nxe4 15.
Nxe4 Bxb2 16. Bh6 Re8 17. Qb3 Bh8 18. Nc3 Qa5 19. Rc1 Ra8 20. Bd2 Qb4 21. Qc2
Qa3 22. Qd3 Bf6 23. Nh2 h5 24. Nf1 Bd4 25. Ne3 Qb2 26. Bf1 Bg7 27. Rb1 Qa3 28.
Nc4 Nxc4 29. Qxc4 Bd4 30. b6 Qa5 31. Qb3 Qa3 32. Qxa3 Rxa3 33. Nb5 Ra2 34. Be3
1-0

[Event "Prva liga Centralne Srbije"]
[Site "Golubac"]
[Date "2008.09.21"]
[Round "3.6"]
[White "Djokic, Nenad"]
[Black "Milosevic, Aleksandar"]
[Result "1-0"]
[WhiteElo "2336"]
[BlackElo "2304"]
[PlyCount "75"]
[EventDate "2008.09.20"]

1. d4 Nf6 2. Nf3 d5 3. c4 e6 4. Nc3 Bb4 5. Bg5 Nbd7 6. cxd5 exd5 7. e3 c5 8.
Qc2 Qa5 9. Bd3 c4 10. Bf5 O-O 11. O-O Bxc3 12. bxc3 Re8 13. Nd2 Ne4 14. Bxe4
dxe4 15. Bf4 Qd5 16. a4 Nf8 17. Rfb1 Bd7 18. Rb4 Rac8 19. Qa2 g5 20. Bg3 h5 21.
f3 exf3 22. e4 Rxe4 23. Nxe4 Qxe4 24. Qd2 Qg4 25. gxf3 Qf5 26. h4 gxh4 27. Bxh4
Ng6 28. Qg5 Qxf3 29. Rf1 Qe4 30. Bf2 Bc6 31. Kh2 f6 32. Qg3 h4 33. Qh3 Qf4+ 34.
Kg1 Re8 35. Re1 Rxe1+ 36. Bxe1 Qc1 37. Kf1 Be4 38. Qe6+ 1-0

[Event "Prva liga Centralne Srbije"]
[Site "Golubac"]
[Date "2008.09.21"]
[Round "3.6"]
[White "Jevtic, Sasa"]
[Black "Stankovic, Dragan P"]
[Result "0-1"]
[WhiteElo "2206"]
[BlackElo "2344"]
[PlyCount "77"]
[EventDate "2008.09.20"]

1. Nf3 Nf6 2. d4 g6 3. e3 Bg7 4. Bd3 O-O 5. O-O d5 6. c3 Nbd7 7. Nbd2 c5 8. Re1
Qc7 9. e4 cxd4 10. Nxd4 Nc5 11. Bc2 e5 12. N4b3 Bg4 13. f3 Be6 14. Qe2 dxe4 15.
Nxe4 Ncxe4 16. Bxe4 Rad8 17. Be3 b6 18. Rad1 Nd5 19. Bxd5 Bxd5 20. Qc2 Rd7 21.
Rd2 Rfd8 22. Red1 h6 23. c4 Be6 24. Rxd7 Rxd7 25. Rxd7 Qxd7 26. c5 Qc6 27. Qd2
bxc5 28. Bxh6 Bf6 29. Be3 Be7 30. Qc3 c4 31. Nd2 Qb5 32. a4 Qd5 33. Bxa7 Bd8
34. Be3 Ba5 35. Qc2 f5 36. f4 exf4 37. Nxc4 fxe3 38. b3 Qd4 39. h3 0-1